Las relaciones entre el Gobierno y el Congreso en el rǧimen polt̕ico peruano

Bibliographic Details
Main Author: Eguiguren Praeli, Francisco
Format: eBook
Language:Spanish
Published: Lima: Palestra Editores, 2021
Subjects:
Online Access:Acceso restringido

MARC

LEADER 00000nam a22000007a 4500
005 20220823003618.0
007 cr|||| ||||
008 220823s2021 pe |||||s|||| 00||0 spa d
020 |a 9786123251826 
035 |a 36932 
040 |a vLex 
090 |c 13786  |d 13786 
100 1 |a Eguiguren Praeli, Francisco 
245 1 3 |a Las relaciones entre el Gobierno y el Congreso en el rǧimen polt̕ico peruano  |h [Recurso electrn̤ico] /  |c Francisco Eguiguren Praeli 
256 |a Servicio en ln̕ea 
260 |a Lima:  |b Palestra Editores,  |c 2021 
300 |a 1 recurso electrn̤ico 
500 |a Este libro se publica en el aǫ que se conmemora el Bicentenario de nuestra declaracin̤ de independencia de nuestro pas̕, proclamada el 28 de julio de 1821 por el general San Martn̕, cuando el Per ︢todava̕ segua̕ sometido a la dominacin̤ colonial de Espaą. Aborda aspectos relacionados con el diseǫ constitucional, la evolucin̤ y el funcionamiento de diversas instituciones del rǧimen polt̕ico peruano, buscando analizar las relaciones y conflictos que se establecen entre el Gobierno y el Parlamento. Se presentan tambiň nuevos problemas observados en la interpretacin̤ y aplicacin̤ de algunas de estas instituciones durante el l︢timo quinquenio, pero̕do que ha estado marcado por la permanente crisis polt̕ica entre el Gobierno y el Congreso. 
506 1 |a Disponible solo en los productos indicados  |d vLex Global  |d vLex Global (Academic Edition, excluding Law Schools)  |d vLex Global (U.S. Academic Edition, Law Schools)  |d vLex Global (U.S. Academic Edition, excluding Law Schools)  |d vLex Global (Academic Edition, Law Schools) 
650 0 4 |a Derecho Constitucional  |z Per︢ 
740 0 |a vLex Libros (Servicio en ln̕ea) 
856 4 0 |u https://app.vlex.com/#/sources/36932  |z Acceso restringido 
942 |c BOOK 
999 0 |a Constitutional right